8 mots dans mots : dru (mort subite) - Statistiques

Statistiques générales
  • Ce quiz a été pris 66 fois
  • Le résultat moyen est 5 sur 8
Answers on the Grid
Answers color-coded by a green-red scale on the quiz's grid according to % correct below.
Qua---plex
Porte - ---peaux
---gstore
Cen---re
Hy---ulicien
Qua---génaire
Qua---pède
Psycho---matique
---idesse
Déshy---ter
Le--- - Rollin
Dé---matiseraient
Bau---che
Saupou---ge
Diesel-hy---ulique
Qua---pler
 
Statistiques - réponses
Réponse % Correct
Qua---plex
88%
---gstore
84%
Bau---che
78%
Qua---pler
69%
Qua---pède
57%
---idesse
55%
Le--- - Rollin
49%
Cen---re
33%
Aucun quiz correspondant
Distribution des résultats
% des personnes avec chaque résultat
Percentile par nombre de réponses
Votre historique - résultats
Vous n’avez pas pris ce quiz